|
|
|
|
| LEADER |
00000nam2a2200000 4500 |
| 001 |
107746 |
| 005 |
20231031115409.0 |
| 010 |
|
|
|a 5930931895
|
| 035 |
|
|
|a (RuTPU)RU\TPU\book\116313
|
| 090 |
|
|
|a 107746
|
| 100 |
|
|
|a 20061228d2003 m y0rusy50 ca
|
| 101 |
0 |
|
|a rus
|
| 102 |
|
|
|a RU
|
| 105 |
|
|
|a a j 001zy
|
| 200 |
0 |
|
|a Кн. 6
|f под ред. В. А. Котляревского
|
| 210 |
|
|
|d 2003
|
| 215 |
|
|
|a 406 с.
|c ил.
|
| 320 |
|
|
|a Библиогр.: с. 389-401.
|
| 330 |
|
|
|a В пособии впервые систематически изложены данные об аварийных воздействиях природного и техногенного характера, а также об инженерных мероприятиях по снижению ущерба от подобных воздействий, организации аварийно-восстановительных работ в экстремальных условиях. Рассмотрен опыт инженерного реагирования на чрезвычайные ситуации на основе данных о недавних катастрофах. Изложены также вопросы предотвращения или снижения ущерба от рассматриваемых воздействий расчетным путем на стадии проектирования. Обобщен оригинальный и во многом уникальный материал. Для студентов строительных ВУЗов, слушателей военных академий и курсантов военных училищ. Может быть использовано в штабах гражданской обороны, страховыми организациями в целях прогноза вероятного ущерба и степени риска аварий на предприятиях, инженерно-техническим персоналом и научными сотрудниками проектных и научно-исследовательских организаций.
|
| 461 |
|
1 |
|0 (RuTPU)RU\TPU\book\57768
|y 5-87829-030-8
|t Аварии и катастрофы. Предупреждение и ликвидация последствий
|o учебное пособие
|f под ред. К. Е. Кочеткова и др.
|v Кн. 6
|d 1995-2003
|
| 610 |
1 |
|
|a строительство
|
| 610 |
1 |
|
|a территории
|
| 610 |
1 |
|
|a безопасность
|
| 610 |
1 |
|
|a ГИС-технологии
|
| 610 |
1 |
|
|a экологические аспекты
|
| 610 |
1 |
|
|a города
|
| 610 |
1 |
|
|a микроклимат
|
| 610 |
1 |
|
|a ветровой режим
|
| 610 |
1 |
|
|a газовые взрывы
|
| 610 |
1 |
|
|a моделирование
|
| 610 |
1 |
|
|a аварийные взрывы
|
| 610 |
1 |
|
|a снижение
|
| 610 |
1 |
|
|a химическое оружие
|
| 610 |
1 |
|
|a перевозка
|
| 610 |
1 |
|
|a население
|
| 610 |
1 |
|
|a защита
|
| 610 |
1 |
|
|a экологический мониторинг
|
| 610 |
1 |
|
|a цунами
|
| 610 |
1 |
|
|a береговые здания
|
| 610 |
1 |
|
|a устойчивость
|
| 610 |
1 |
|
|a нефтепроводы
|
| 610 |
1 |
|
|a нефть
|
| 610 |
1 |
|
|a аварийные разливы
|
| 610 |
1 |
|
|a аварийные риски
|
| 610 |
1 |
|
|a прогнозирование
|
| 610 |
1 |
|
|a городская застройка
|
| 610 |
1 |
|
|a жизнеобеспечение
|
| 610 |
1 |
|
|a окружающая среда
|
| 610 |
1 |
|
|a люизит
|
| 610 |
1 |
|
|a диоксины
|
| 610 |
1 |
|
|a сооружения
|
| 610 |
1 |
|
|a остаточные ресурсы
|
| 610 |
1 |
|
|a оценка
|
| 610 |
1 |
|
|a дымовые трубы
|
| 610 |
1 |
|
|a футеровка
|
| 610 |
1 |
|
|a бетоны
|
| 610 |
1 |
|
|a прочность
|
| 610 |
1 |
|
|a железобетонные плиты
|
| 610 |
1 |
|
|a динамика
|
| 610 |
1 |
|
|a резервуары
|
| 610 |
1 |
|
|a устойчивость
|
| 610 |
1 |
|
|a водители
|
| 610 |
1 |
|
|a пассивная защита
|
| 610 |
1 |
|
|a учебные пособия
|
| 675 |
|
|
|a 699.8(075.8)
|v 3
|
| 702 |
|
1 |
|a Котляревский
|b В. А.
|g Владимир Абрамович
|4 340
|
| 801 |
|
1 |
|a RU
|b 63413507
|c 20061228
|g PSBO
|
| 801 |
|
2 |
|a RU
|b 63413507
|c 20070323
|g PSBO
|
| 942 |
|
|
|c BK
|
| 959 |
|
|
|a 116/20061226
|d 1
|e 300,00
|f ЧЗТЛ:1
|